Statistics for Most Visited UK Tourist Attractions outside of London

Click here to take the quiz!

General Stats

  • This quiz has been taken 30 times
  • The average score is 12 of 20

Answer Stats

Answer % Correct
Stonehenge
95%
{Giant's} Causeway
95%
{Eden} Project
86%
Edinburgh Castle
86%
Chester Zoo
77%
Canterbury Cathedral
77%
Royal {Shakespeare} Theatre
& {Swan} Theatre
77%
Blenheim Palace
73%
{Scottish} National Gallery
68%
{Roman} {Baths}
& Pump Room
64%
{National} {Museum}
of Scotland
50%
{Titanic} Belfast
50%
National Museum of the {Royal} {Navy}
50%
{Merseyside}
{Maritime} Museum
41%
{Royal} {Botanic} Garden
41%
{Kelvingrove} Art Gallery
& Museum
36%
{Bodleian} Library
36%
{RHS} {Garden}, Wisley
32%
{Ashmolean} Museum
of Art and Archaeology
18%
{Riverside} Museum
14%

Score Distribution

Percentile by Number Answered

Percent of People with Each Score

Your Score History

You have not taken this quiz